[Event "DEM U12 2021"]
[Site "Willingen GER"]
[Date "2021.08.23"]
[Round "2"]
[White "Nönnig, Jakob"]
[Black "Lumma, Justus"]
[Result "1-0"]
[Termination "normal"]
[Board "23"]
[WhiteElo "1442"]
[BlackElo "1081"]
[WhiteClock "00:38:22"]
[BlackClock "00:54:59"]
[PlyCount "91"]
[WhiteFideId "16289447"]
[BlackFideId "16287193"]
[EventCountry "GER"]
[EventRounds "9"]
[EventType "swiss"]
[EventDate "2021.08.22"]

1. e4 {[%clk 01:30:59]} {[%emt 00:00:01]} c5 {[%clk 01:30:39]} {[%emt
00:00:21]} 2. Nf3 {[%clk 01:31:22]} {[%emt 00:00:07]} d6 {[%clk 01:30:14]}
{[%emt 00:00:55]} 3. d4 {[%clk 01:31:41]} {[%emt 00:00:11]} cxd4 {[%clk
01:30:01]} {[%emt 00:00:43]} 4. Nxd4 {[%clk 01:31:58]} {[%emt 00:00:12]} Nf6
{[%clk 01:30:03]} {[%emt 00:00:29]} 5. Nc3 {[%clk 01:32:02]} {[%emt 00:00:26]}
g6 {[%clk 01:29:14]} {[%emt 00:01:19]} 6. Be3 {[%clk 01:31:55]} {[%emt
00:00:37]} Bg7 {[%clk 01:28:48]} {[%emt 00:00:56]} 7. f3 {[%clk 01:32:04]}
{[%emt 00:00:20]} O-O {[%clk 01:28:31]} {[%emt 00:00:47]} 8. Qd2 {[%clk
01:31:18]} {[%emt 00:01:16]} Nc6 {[%clk 01:28:31]} {[%emt 00:00:31]} 9. Bc4
{[%clk 01:30:48]} {[%emt 00:01:00]} Bd7 {[%clk 01:27:31]} {[%emt 00:01:30]} 10.
O-O-O {[%clk 01:31:03]} {[%emt 00:00:15]} Rc8 {[%clk 01:27:33]} {[%emt
00:00:28]} 11. Bb3 {[%clk 01:31:21]} {[%emt 00:00:13]} a6 {[%clk 01:24:53]}
{[%emt 00:03:10]} 12. g4 {[%emt 00:03:31]} b5 {[%clk 01:23:29]} 13. h4 {[%clk
01:27:57]} {[%emt 00:02:46]} b4 {[%clk 01:21:25]} {[%emt 00:02:33]} 14. Nb1
{[%clk 01:27:23]} {[%emt 00:01:03]} Nxd4 {[%clk 01:16:01]} {[%emt 00:05:55]}
15. Bxd4 {[%clk 01:26:24]} {[%emt 00:01:29]} Be6 {[%clk 01:14:00]} {[%emt
00:02:31]} 16. h5 {[%clk 01:20:09]} {[%emt 00:06:45]} Bxb3 {[%clk 01:11:48]}
{[%emt 00:02:42]} 17. axb3 {[%clk 01:20:06]} {[%emt 00:00:33]} Qc7 {[%clk
01:10:11]} {[%emt 00:02:06]} 18. hxg6 {[%clk 01:19:18]} {[%emt 00:01:18]} fxg6
{[%clk 01:08:47]} {[%emt 00:01:53]} 19. Rh2 {[%clk 01:14:49]} {[%emt 00:05:01]}
e5 {[%clk 01:08:09]} {[%emt 00:01:08]} 20. Be3 {[%clk 01:14:25]} {[%emt
00:00:54]} a5 {[%clk 01:06:25]} {[%emt 00:02:15]} 21. Qd3 {[%emt 00:04:02]} Qe7
22. Qxd6 Qf7 {[%clk 01:03:59]} 23. Qd2 {[%clk 01:03:34]} {[%emt 00:07:47]} Qxb3
{[%clk 01:03:21]} {[%emt 00:01:08]} 24. Bh6 {[%clk 01:02:43]} {[%emt 00:01:21]}
Bxh6 {[%clk 01:01:42]} {[%emt 00:02:08]} 25. Qxh6 {[%clk 01:02:58]} {[%emt
00:00:16]} Qxf3 {[%clk 01:01:32]} {[%emt 00:00:40]} 26. Nd2 {[%clk 00:58:34]}
{[%emt 00:04:53]} Qxg4 {[%clk 01:01:25]} {[%emt 00:00:38]} 27. Rhh1 {[%clk
00:56:40]} {[%emt 00:02:24]} Nh5 {[%clk 01:00:29]} {[%emt 00:01:26]} 28. Rdg1
{[%clk 00:55:16]} {[%emt 00:01:54]} Qe2 {[%clk 00:55:41]} {[%emt 00:05:18]} 29.
Rxh5 {[%clk 00:49:17]} {[%emt 00:06:28]} Rf1+ {[%clk 00:55:12]} {[%emt
00:01:00]} 30. Rxf1 {[%clk 00:48:54]} {[%emt 00:00:52]} Qxh5 {[%clk 00:55:06]}
{[%emt 00:00:36]} 31. Qxh5 {[%clk 00:48:43]} {[%emt 00:00:41]} gxh5 {[%clk
00:55:33]} {[%emt 00:00:03]} 32. Rh1 {[%clk 00:48:34]} {[%emt 00:00:39]} Rc5
{[%clk 00:55:53]} {[%emt 00:00:11]} 33. Rxh5 {[%clk 00:48:25]} {[%emt
00:00:39]} a4 {[%clk 00:55:53]} {[%emt 00:00:30]} 34. Rh3 {[%clk 00:47:05]}
{[%emt 00:01:49]} b3 {[%clk 00:55:25]} {[%emt 00:00:59]} 35. c3 {[%clk
00:46:08]} {[%emt 00:01:27]} Kg7 {[%clk 00:55:30]} {[%emt 00:00:25]} 36. Re3
{[%clk 00:00:00]} {[%emt 00:04:48]} h5 {[%clk 00:54:26]} {[%emt 00:01:50]} 37.
Nf1 {[%clk 00:42:39]} {[%emt 00:00:44]} Kh6 {[%clk 00:54:46]} {[%emt 00:00:11]}
38. Ng3 {[%clk 00:42:18]} {[%emt 00:00:51]} h4 {[%clk 00:55:08]} {[%emt
00:00:08]} 39. Nf5+ {[%clk 00:42:35]} {[%emt 00:00:13]} Kg5 {[%clk 00:54:16]}
{[%emt 00:01:22]} 40. Rh3 {[%clk 00:42:43]} {[%emt 00:00:22]} Rc4 {[%clk
00:54:14]} {[%emt 00:00:33]} 41. Rxh4 {[%clk 00:42:31]} {[%emt 00:00:41]} a3
{[%clk 00:54:40]} {[%emt 00:00:04]} 42. bxa3 {[%clk 00:42:20]} {[%emt
00:00:42]} Rxc3+ {[%clk 00:55:08]} {[%emt 00:00:02]} 43. Kb2 {[%clk 00:42:36]}
{[%emt 00:00:14]} Rf3 {[%clk 00:54:50]} {[%emt 00:00:47]} 44. a4 {[%clk
00:38:33]} {[%emt 00:04:33]} Rf4 {[%clk 00:54:59]} {[%emt 00:00:21]} 45. Rxf4
{[%clk 00:38:05]} {[%emt 00:00:58]} exf4 {[%emt 00:00:29]} 46. Nd4 {[%clk
00:38:22]} {[%emt 00:00:10]} 1-0

[Event "DEM U12 2021"]
[Site "Willingen GER"]
[Date "2021.08.23"]
[Round "2"]
[White "Bangert, Jonas"]
[Black "Wellßow, Lio Keanu"]
[Result "1-0"]
[Termination "normal"]
[Board "24"]
[WhiteElo "1541"]
[BlackElo "1203"]
[WhiteClock "01:23:37"]
[BlackClock "01:22:45"]
[PlyCount "61"]
[WhiteFideId "16289650"]
[BlackFideId "16252837"]
[EventCountry "GER"]
[EventRounds "9"]
[EventType "swiss"]
[EventDate "2021.08.22"]

1. d4 {[%clk 01:30:57]} {[%emt 00:00:02]} g6 {[%clk 01:30:46]} {[%emt
00:00:14]} 2. Nc3 {[%clk 01:31:06]} {[%emt 00:00:22]} Bg7 {[%clk 01:31:08]}
{[%emt 00:00:08]} 3. e4 {[%clk 01:31:20]} {[%emt 00:00:16]} d6 {[%clk
01:31:13]} {[%emt 00:00:25]} 4. f4 {[%clk 01:31:36]} {[%emt 00:00:15]} Nd7
{[%clk 01:31:26]} {[%emt 00:00:16]} 5. Nf3 {[%clk 01:31:45]} {[%emt 00:00:22]}
e5 {[%clk 01:31:42]} {[%emt 00:00:14]} 6. fxe5 {[%clk 01:31:03]} {[%emt
00:01:12]} dxe5 {[%clk 01:32:01]} {[%emt 00:00:10]} 7. dxe5 {[%clk 01:31:26]}
{[%emt 00:00:08]} Nxe5 {[%clk 01:32:09]} {[%emt 00:00:13]} 8. Qxd8+ {[%clk
01:31:07]} {[%emt 00:00:58]} Kxd8 {[%clk 01:32:25]} {[%emt 00:00:13]} 9. Bg5+
{[%clk 01:29:47]} {[%emt 00:01:49]} Ke8 {[%clk 01:32:37]} {[%emt 00:00:20]} 10.
Nd5 {[%clk 01:25:35]} {[%emt 00:04:42]} Nxf3+ {[%clk 01:32:13]} {[%emt
00:00:54]} 11. gxf3 {[%clk 01:24:06]} {[%emt 00:02:00]} Be5 {[%clk 01:29:12]}
{[%emt 00:03:30]} 12. f4 {[%clk 01:23:59]} {[%emt 00:00:38]} Bxb2 {[%clk
01:28:12]} {[%emt 00:01:31]} 13. Rb1 {[%clk 01:24:04]} {[%emt 00:00:25]} Bg7
{[%clk 01:26:03]} {[%emt 00:02:38]} 14. Nxc7+ {[%clk 01:24:23]} {[%emt
00:00:12]} Kd7 {[%clk 01:26:27]} {[%emt 00:00:05]} 15. Nxa8 {[%clk 01:24:47]}
{[%emt 00:00:06]} Bc3+ {[%clk 01:26:38]} {[%emt 00:00:19]} 16. Kf2 {[%clk
01:23:54]} {[%emt 00:01:23]} f6 {[%clk 01:25:37]} {[%emt 00:01:30]} 17. Bh4
{[%clk 01:23:53]} {[%emt 00:00:31]} Kc6 {[%clk 01:24:57]} {[%emt 00:01:10]} 18.
Bb5+ {[%clk 01:23:13]} {[%emt 00:01:10]} Kd6 {[%clk 01:24:46]} {[%emt
00:00:41]} 19. Rhd1+ {[%clk 01:23:04]} {[%emt 00:00:39]} Ke7 {[%clk 01:23:41]}
{[%emt 00:01:34]} 20. Nc7 {[%clk 01:23:06]} {[%emt 00:00:30]} Nh6 {[%clk
01:23:02]} {[%emt 00:01:08]} 21. Nd5+ {[%clk 01:23:19]} {[%emt 00:00:18]} Kf7
{[%clk 01:23:10]} {[%emt 00:00:22]} 22. Nxc3 {[%clk 01:23:31]} {[%emt
00:00:19]} Ng4+ {[%clk 01:23:07]} {[%emt 00:00:32]} 23. Kg3 {[%clk 01:22:55]}
{[%emt 00:01:06]} h6 {[%clk 01:23:11]} {[%emt 00:00:25]} 24. Bc4+ {[%clk
01:22:19]} {[%emt 00:01:07]} Ke7 {[%clk 01:23:24]} {[%emt 00:00:16]} 25. Nd5+
{[%clk 01:22:23]} {[%emt 00:00:26]} Kf8 {[%clk 01:23:22]} {[%emt 00:00:29]} 26.
Nxf6 {[%clk 01:22:39]} {[%emt 00:00:17]} g5 {[%clk 01:23:35]} {[%emt 00:00:16]}
27. fxg5 {[%clk 01:22:57]} {[%emt 00:00:13]} hxg5 {[%emt 00:00:16]} 28. Bxg5
{[%emt 00:00:12]} Nxf6 {[%emt 00:00:17]} 29. Bxf6 {[%emt 00:00:11]} Rh3+ {[%clk
01:23:00]} {[%emt 00:00:08]} 30. Kg2 {[%clk 01:23:21]} {[%emt 00:00:07]} Rh4
{[%clk 01:22:45]} {[%emt 00:00:45]} 31. Rd8# {[%clk 01:23:37]} {[%emt
00:00:14]} 1-0

[Event "DEM U12 2021"]
[Site "Willingen GER"]
[Date "2021.08.23"]
[Round "2"]
[White "Uyar, Levin"]
[Black "Detjen, Mattes"]
[Result "1-0"]
[Termination "normal"]
[Board "25"]
[WhiteElo "1048"]
[BlackElo "1162"]
[WhiteClock "00:26:44"]
[BlackClock "00:40:57"]
[PlyCount "55"]
[WhiteFideId "16282108"]
[BlackFideId "16235690"]
[EventCountry "GER"]
[EventRounds "9"]
[EventType "swiss"]
[EventDate "2021.08.22"]

1. e4 {[%clk 01:30:57]} {[%emt 00:00:03]} e5 {[%clk 01:30:37]} {[%emt
00:00:24]} 2. Nf3 {[%clk 01:31:08]} {[%emt 00:00:19]} Nc6 {[%clk 01:30:30]}
{[%emt 00:00:37]} 3. Bb5 {[%clk 01:30:53]} {[%emt 00:00:45]} a6 {[%clk
01:29:53]} {[%emt 00:01:07]} 4. Ba4 {[%clk 01:30:54]} {[%emt 00:00:29]} Nf6
{[%clk 01:28:59]} {[%emt 00:01:22]} 5. d4 {[%clk 01:28:37]} {[%emt 00:02:48]}
exd4 {[%clk 01:28:00]} {[%emt 00:01:30]} 6. O-O {[%clk 01:26:17]} {[%emt
00:02:49]} Bc5 {[%clk 01:24:37]} {[%emt 00:03:52]} 7. e5 {[%clk 01:17:39]}
{[%emt 00:09:09]} Nd5 {[%clk 01:20:06]} {[%emt 00:05:00]} 8. c3 {[%clk
01:15:42]} {[%emt 00:02:27]} Nb6 {[%clk 01:15:32]} {[%emt 00:05:04]} 9. cxd4
{[%clk 01:08:58]} {[%emt 00:07:14]} Nxa4 {[%clk 01:09:34]} {[%emt 00:06:29]}
10. Qxa4 {[%clk 01:08:25]} {[%emt 00:01:03]} b5 {[%clk 01:07:02]} {[%emt
00:03:02]} 11. Qd1 {[%clk 00:59:08]} {[%emt 00:09:44]} Bb6 {[%clk 01:04:30]}
{[%emt 00:03:03]} 12. d5 {[%clk 00:55:30]} {[%emt 00:04:10]} Ne7 {[%clk
01:03:47]} {[%emt 00:01:13]} 13. d6 {[%clk 00:54:53]} {[%emt 00:01:06]} cxd6
{[%clk 01:01:31]} {[%emt 00:02:46]} 14. exd6 {[%clk 00:51:28]} {[%emt
00:03:56]} Nc6 {[%emt 00:04:40]} 15. Re1+ {[%clk 00:50:26]} {[%emt 00:01:29]}
Kf8 {[%clk 00:56:48]} {[%emt 00:01:03]} 16. Bg5 {[%clk 00:48:14]} {[%emt
00:02:44]} f6 {[%clk 00:55:04]} {[%emt 00:02:14]} 17. Bf4 {[%clk 00:47:39]}
{[%emt 00:01:02]} Bb7 {[%clk 00:52:57]} {[%emt 00:02:37]} 18. Nc3 {[%clk
00:46:34]} {[%emt 00:01:37]} Kf7 {[%clk 00:50:26]} {[%emt 00:03:01]} 19. Qd5+
{[%clk 00:43:14]} {[%emt 00:03:50]} Kf8 {[%clk 00:49:49]} {[%emt 00:01:07]} 20.
Qd2 {[%clk 00:40:12]} {[%emt 00:03:29]} Kf7 {[%clk 00:49:36]} {[%emt 00:00:44]}
21. Qd5+ {[%clk 00:34:25]} {[%emt 00:06:20]} Kf8 {[%clk 00:49:33]} {[%emt
00:00:32]} 22. Ne4 {[%clk 00:33:24]} {[%emt 00:01:27]} Na5 {[%clk 00:48:03]}
{[%emt 00:02:05]} 23. Qd3 {[%clk 00:30:55]} {[%emt 00:02:57]} Kf7 {[%clk
00:46:45]} {[%emt 00:01:50]} 24. Neg5+ {[%clk 00:29:04]} {[%emt 00:02:21]} Kf8
{[%clk 00:42:43]} {[%emt 00:04:32]} 25. Re7 {[%clk 00:28:15]} {[%emt 00:01:18]}
Bxf3 {[%clk 00:41:17]} {[%emt 00:01:56]} 26. Nxh7+ {[%clk 00:27:00]} {[%emt
00:01:45]} Kg8 {[%clk 00:41:01]} {[%emt 00:00:44]} 27. Nxf6+ {[%clk 00:27:22]}
{[%emt 00:00:12]} Kf8 {[%clk 00:40:57]} {[%emt 00:00:33]} 28. Qg6 {[%clk
00:26:44]} {[%emt 00:01:05]} 1-0

[Event "DEM U12 2021"]
[Site "Willingen GER"]
[Date "2021.08.23"]
[Round "2"]
[White "Ehses, Julius"]
[Black "Lehmann, Simon"]
[Result "0-1"]
[Termination "normal"]
[Board "26"]
[WhiteElo "1102"]
[BlackElo "1484"]
[WhiteClock "00:25:45"]
[BlackClock "01:08:49"]
[PlyCount "122"]
[WhiteFideId "16294920"]
[BlackFideId "16292537"]
[EventCountry "GER"]
[EventRounds "9"]
[EventType "swiss"]
[EventDate "2021.08.22"]

1. e4 {[%clk 01:30:57]} {[%emt 00:00:02]} d6 {[%clk 01:30:52]} {[%emt
00:00:09]} 2. d4 {[%clk 01:31:22]} {[%emt 00:00:05]} Nf6 {[%clk 01:31:13]}
{[%emt 00:00:09]} 3. Nc3 {[%clk 01:31:46]} {[%emt 00:00:06]} g6 {[%clk
01:31:37]} {[%emt 00:00:05]} 4. Nf3 {[%clk 01:32:03]} {[%emt 00:00:14]} Bg7
{[%clk 01:31:59]} {[%emt 00:00:08]} 5. Be2 {[%clk 01:32:11]} {[%emt 00:00:22]}
c5 {[%clk 01:31:35]} {[%emt 00:00:54]} 6. dxc5 {[%clk 01:31:36]} {[%emt
00:01:06]} Qa5 {[%clk 01:31:21]} {[%emt 00:00:44]} 7. O-O {[%clk 01:29:53]}
{[%emt 00:02:13]} Qxc5 {[%clk 01:31:25]} {[%emt 00:00:26]} 8. Be3 {[%clk
01:27:34]} {[%emt 00:02:49]} Qc7 {[%clk 01:31:06]} {[%emt 00:00:49]} 9. Qd2
{[%clk 01:26:37]} {[%emt 00:01:28]} O-O {[%clk 01:31:10]} {[%emt 00:00:25]} 10.
Bh6 {[%clk 01:25:41]} {[%emt 00:01:26]} Be6 {[%clk 01:31:16]} {[%emt 00:00:24]}
11. Bxg7 {[%clk 01:25:06]} {[%emt 00:01:06]} Kxg7 {[%clk 01:31:38]} {[%emt
00:00:08]} 12. Rfd1 {[%clk 01:22:40]} {[%emt 00:02:56]} Nc6 {[%clk 01:31:35]}
{[%emt 00:00:32]} 13. Nd5 {[%clk 01:15:43]} {[%emt 00:07:28]} Bxd5 {[%clk
01:29:47]} {[%emt 00:02:18]} 14. exd5 {[%clk 01:15:58]} {[%emt 00:00:14]} Ne5
{[%clk 01:29:21]} {[%emt 00:00:55]} 15. Nxe5 {[%clk 01:14:30]} {[%emt
00:01:59]} dxe5 {[%clk 01:28:23]} {[%emt 00:00:12]} 16. c3 {[%clk 01:13:07]}
{[%emt 00:03:10]} Rfd8 {[%clk 01:28:27]} {[%emt 00:00:23]} 17. Bf3 {[%clk
01:12:41]} {[%emt 00:00:58]} e4 {[%clk 01:28:38]} {[%emt 00:00:19]} 18. Be2
{[%clk 01:10:52]} {[%emt 00:02:19]} Rxd5 {[%clk 01:28:58]} {[%emt 00:00:10]}
19. Qe3 {[%clk 01:08:01]} {[%emt 00:03:20]} Qe5 {[%clk 01:22:35]} {[%emt
00:06:54]} 20. Bc4 {[%clk 01:02:57]} {[%emt 00:05:33]} Rxd1+ {[%clk 01:20:21]}
{[%emt 00:02:44]} 21. Rxd1 {[%clk 01:03:16]} {[%emt 00:00:12]} Ng4 {[%clk
01:19:54]} {[%emt 00:00:57]} 22. Qg3 {[%clk 00:58:08]} {[%emt 00:05:35]} Qxg3
{[%clk 01:17:50]} {[%emt 00:02:38]} 23. hxg3 {[%clk 00:58:23]} {[%emt
00:00:13]} Ne5 {[%clk 01:17:52]} {[%emt 00:00:29]} 24. Bd5 {[%clk 00:56:10]}
{[%emt 00:02:30]} Rd8 {[%clk 01:18:14]} {[%emt 00:00:22]} 25. Bb3 {[%clk
00:54:41]} {[%emt 00:01:56]} Rxd1+ {[%clk 01:18:16]} {[%emt 00:00:31]} 26. Bxd1
{[%clk 00:54:57]} {[%emt 00:00:13]} Nd3 {[%clk 01:18:28]} {[%emt 00:00:19]} 27.
b4 {[%clk 00:54:23]} {[%emt 00:01:04]} f5 {[%clk 01:18:45]} {[%emt 00:00:14]}
28. Kf1 {[%clk 00:50:42]} {[%emt 00:04:09]} Kf6 {[%clk 01:19:03]} {[%emt
00:00:12]} 29. Bc2 {[%clk 00:49:06]} {[%emt 00:02:06]} b5 {[%clk 01:17:22]}
{[%emt 00:02:12]} 30. f3 {[%clk 00:41:50]} {[%emt 00:07:46]} Ke5 {[%clk
01:15:25]} {[%emt 00:02:26]} 31. f4+ {[%clk 00:41:26]} {[%emt 00:00:53]} Kd5
{[%clk 01:15:30]} {[%emt 00:00:24]} 32. Bb3+ {[%clk 00:41:33]} {[%emt
00:00:25]} Kd6 {[%clk 01:15:09]} {[%emt 00:00:50]} 33. Bg8 {[%clk 00:41:38]}
{[%emt 00:00:26]} e5 {[%clk 01:15:19]} {[%emt 00:00:21]} 34. fxe5+ {[%clk
00:39:15]} {[%emt 00:02:52]} Kxe5 {[%clk 01:14:16]} {[%emt 00:01:32]} 35. a3
{[%clk 00:38:58]} {[%emt 00:00:49]} f4 {[%clk 01:13:59]} {[%emt 00:00:45]} 36.
gxf4+ {[%clk 00:38:52]} {[%emt 00:00:36]} Kxf4 {[%clk 01:14:18]} {[%emt
00:00:12]} 37. Ke2 {[%clk 00:39:09]} {[%emt 00:00:13]} h6 {[%clk 01:13:15]}
{[%emt 00:01:33]} 38. Bd5 {[%clk 00:38:52]} {[%emt 00:00:47]} g5 {[%clk
01:12:03]} {[%emt 00:01:42]} 39. Bc6 {[%clk 00:33:15]} {[%emt 00:06:07]} h5
{[%clk 01:07:07]} {[%emt 00:05:27]} 40. Bxb5 {[%clk 00:33:00]} {[%emt
00:00:45]} Kg3 {[%clk 01:06:24]} {[%emt 00:01:13]} 41. Bxd3 {[%emt 00:03:16]}
exd3+ {[%emt 00:00:09]} 42. Kxd3 {[%clk 00:23:30]} {[%emt 00:00:10]} h4 {[%clk
01:05:20]} {[%emt 00:07:59]} 43. c4 {[%clk 00:23:56]} {[%emt 00:00:04]} Kxg2
{[%clk 01:05:47]} {[%emt 00:00:03]} 44. c5 {[%clk 00:24:11]} {[%emt 00:00:14]}
h3 {[%clk 01:06:14]} {[%emt 00:00:04]} 45. c6 {[%clk 00:24:37]} {[%emt
00:00:04]} h2 {[%clk 01:06:37]} {[%emt 00:00:07]} 46. c7 {[%clk 00:25:03]}
{[%emt 00:00:04]} h1=Q {[%clk 01:06:51]} {[%emt 00:00:10]} 47. c8=Q {[%emt
00:00:23]} Qh3+ {[%emt 00:00:56]} 48. Qxh3+ {[%emt 00:00:22]} Kxh3 {[%emt
00:00:05]} 49. b5 {[%clk 00:23:49]} {[%emt 00:00:04]} g4 {[%clk 01:07:05]}
{[%emt 00:00:14]} 50. a4 {[%clk 00:24:12]} {[%emt 00:00:10]} g3 {[%clk
01:07:23]} {[%emt 00:00:11]} 51. a5 {[%clk 00:24:16]} {[%emt 00:00:27]} g2
{[%clk 01:07:43]} {[%emt 00:00:09]} 52. a6 {[%clk 00:24:29]} {[%emt 00:00:18]}
g1=Q {[%clk 01:07:58]} {[%emt 00:00:12]} 53. Kc4 {[%clk 00:23:50]} {[%emt
00:01:12]} Qb6 {[%clk 01:07:24]} {[%emt 00:01:04]} 54. Kb4 {[%clk 00:23:56]}
{[%emt 00:00:24]} Kg4 {[%clk 01:07:23]} {[%emt 00:00:29]} 55. Kc4 {[%clk
00:24:13]} {[%emt 00:00:14]} Kf4 {[%clk 01:07:50]} {[%emt 00:00:03]} 56. Kb4
{[%clk 00:24:36]} {[%emt 00:00:07]} Ke4 {[%clk 01:08:15]} {[%emt 00:00:06]} 57.
Kc4 {[%clk 00:24:57]} {[%emt 00:00:09]} Qc7+ {[%clk 01:08:31]} {[%emt
00:00:13]} 58. Kb3 {[%clk 00:25:11]} {[%emt 00:00:16]} Kd3 {[%clk 01:08:49]}
{[%emt 00:00:11]} 59. Kb4 {[%clk 00:25:15]} {[%emt 00:00:27]} Qc3+ {[%clk
01:08:46]} {[%emt 00:00:34]} 60. Ka4 {[%clk 00:25:36]} {[%emt 00:00:09]} Kc4
{[%clk 01:08:49]} {[%emt 00:00:26]} 61. b6 {[%clk 00:25:45]} {[%emt 00:00:21]}
Qb4# {[%emt 00:02:42]} 0-1

[Event "DEM U12 2021"]
[Site "Willingen GER"]
[Date "2021.08.23"]
[Round "2"]
[White "Bock, Leonas"]
[Black "Quartz, Konstantin"]
[Result "1-0"]
[Termination "normal"]
[Board "27"]
[WhiteElo "1278"]
[BlackElo "1027"]
[WhiteClock "00:47:57"]
[BlackClock "01:06:25"]
[PlyCount "63"]
[WhiteFideId "16287118"]
[BlackFideId "34604383"]
[EventCountry "GER"]
[EventRounds "9"]
[EventType "swiss"]
[EventDate "2021.08.22"]

1. d4 {[%clk 01:30:56]} {[%emt 00:00:03]} d5 {[%clk 01:30:57]} {[%emt
00:00:03]} 2. Nf3 {[%clk 01:31:18]} {[%emt 00:00:08]} Nf6 {[%clk 01:31:01]}
{[%emt 00:00:27]} 3. e3 {[%clk 01:31:24]} {[%emt 00:00:23]} e6 {[%clk
01:31:21]} {[%emt 00:00:11]} 4. Bd3 {[%clk 01:31:47]} {[%emt 00:00:07]} c5
{[%clk 01:31:42]} {[%emt 00:00:09]} 5. b3 {[%clk 01:32:07]} {[%emt 00:00:10]}
Nc6 {[%clk 01:32:04]} {[%emt 00:00:08]} 6. Bb2 {[%clk 01:32:21]} {[%emt
00:00:17]} Bd6 {[%clk 01:32:06]} {[%emt 00:00:28]} 7. Nbd2 {[%clk 01:31:57]}
{[%emt 00:00:54]} O-O {[%clk 01:32:01]} {[%emt 00:00:35]} 8. O-O {[%clk
01:32:19]} {[%emt 00:00:08]} Qc7 {[%clk 01:32:24]} {[%emt 00:00:08]} 9. Rc1
{[%clk 01:29:05]} {[%emt 00:03:43]} b6 {[%clk 01:32:41]} {[%emt 00:00:14]} 10.
Qe2 {[%clk 01:27:49]} {[%emt 00:01:45]} Bb7 {[%clk 01:32:47]} {[%emt 00:00:25]}
11. c4 {[%clk 01:25:46]} {[%emt 00:02:33]} Nb4 {[%clk 01:32:37]} {[%emt
00:00:42]} 12. Bb1 {[%clk 01:24:07]} {[%emt 00:02:08]} Ng4 {[%clk 01:20:02]}
{[%emt 00:13:05]} 13. g3 {[%clk 01:10:35]} {[%emt 00:14:01]} f5 {[%clk
01:18:14]} {[%emt 00:02:18]} 14. Ng5 {[%clk 01:09:11]} {[%emt 00:01:54]} Qe7
{[%clk 01:17:10]} {[%emt 00:01:34]} 15. f4 {[%clk 01:07:30]} {[%emt 00:02:11]}
h6 {[%clk 01:16:30]} {[%emt 00:01:10]} 16. Ngf3 {[%clk 01:07:41]} {[%emt
00:00:19]} Qf7 {[%clk 01:16:29]} {[%emt 00:00:32]} 17. Ne5 {[%clk 00:58:38]}
{[%emt 00:09:32]} Qh5 {[%clk 01:14:09]} {[%emt 00:02:49]} 18. Ndf3 {[%clk
00:56:52]} {[%emt 00:02:16]} dxc4 {[%clk 01:13:23]} {[%emt 00:01:17]} 19. bxc4
{[%clk 00:53:58]} {[%emt 00:03:22]} Bxe5 {[%clk 01:12:03]} {[%emt 00:01:52]}
20. Nxe5 {[%clk 00:52:41]} {[%emt 00:01:47]} Bg2 {[%clk 01:11:06]} {[%emt
00:01:26]} 21. Qxg2 {[%clk 00:51:15]} {[%emt 00:01:56]} Nxe3 {[%clk 01:11:30]}
{[%emt 00:00:07]} 22. Qf3 {[%clk 00:51:24]} {[%emt 00:00:21]} Ng4 {[%clk
01:08:48]} {[%emt 00:03:12]} 23. Nxg4 {[%clk 00:48:47]} {[%emt 00:03:06]} fxg4
{[%emt 00:00:53]} 24. Qe4 {[%clk 00:48:58]} {[%emt 00:00:17]} Kf7 {[%clk
01:06:59]} {[%emt 00:01:50]} 25. a3 {[%clk 00:48:02]} {[%emt 00:01:35]} Na6
{[%clk 01:06:27]} {[%emt 00:01:02]} 26. Qb7+ {[%clk 00:48:12]} {[%emt
00:00:20]} Kf6 {[%clk 01:06:14]} {[%emt 00:00:42]} 27. dxc5+ {[%clk 00:48:23]}
{[%emt 00:00:19]} e5 {[%clk 01:06:27]} {[%emt 00:00:17]} 28. Bxe5+ {[%clk
00:48:30]} {[%emt 00:00:23]} Ke6 {[%clk 01:06:26]} {[%emt 00:00:29]} 29. Qd5+
{[%clk 00:47:45]} {[%emt 00:01:18]} Ke7 {[%clk 01:06:11]} {[%emt 00:00:44]} 30.
Bd6+ {[%clk 00:47:50]} {[%emt 00:00:25]} Kf6 {[%clk 01:06:21]} {[%emt
00:00:20]} 31. Qxh5 {[%clk 00:47:57]} {[%emt 00:00:23]} Rae8 {[%clk 01:06:25]}
{[%emt 00:00:25]} 32. Qg6# {[%emt 00:00:13]} 1-0